Catalog

Record Details

Catalog Search



Big daddy / Columbia Pictures presents an Out of ... Read More

Available copies

  • 2 of 2 copies available at LARL/NWRL Consortium. (Show)
  • 2 of 2 copies available at Northwest Regional Library.

Current holds

0 current holds with 2 total copies.

Show Only Available Copies
Location Call Number / Copy Notes Barcode Shelving Location Status Due Date
Godel Memorial-Warren Library DVD BIG (Text) 35500006358822 Main Available -
Hallock Public Library DVD BIG (Text) 35500006354912 Main Available -

Record details

  • ISBN: 0767836243
  • ISBN: 9780767836241
  • ISBN: 1404919597
  • ISBN: 9781404919594
  • Physical Description: 1 videodisc (approximately 93 min.) : sound, color ... Read More
  • Publisher: Culver City, California : Columbia Tristar Home Video, [1999]

Content descriptions

General Note:
Originally produced as a motion picture in 1999.
Widescreen 1.85:1 ; full screen 1.33:1.
Special features: HBO First Look: Making of Big daddy; Sheryl Crow music video; Garbage music video; ... Read More
Formatted Contents Note:
Side A. Widescreen version -- side B. Full screen ... Read More
Creation/Production Credits Note:
Music, Teddy Castelucci ; director of photography, ... Read More
Participant or Performer Note:
Adam Sandler, Joey Lauren Adams, Jon Stewart, Rob ... Read More
Summary, etc.:
Thirty-two-year-old Sonny Koufax has spent his ... Read More
Target Audience Note:
MPAA rating: PG-13.
System Details Note:
DVD, region 1, NTSC, double sided, widescreen and ... Read More
Language Note:
Closed-captioned for the hearing impaired.
Subject: Man-woman relationships > Drama.
Foster parents > Drama.
Adoption > Drama.
Adoption > Drama.
Adoption.
Foster parents.
Man-woman relationships.
Genre: DVD-Video discs.
Comedy films.
Drama.
Feature films.
Video recordings for the hearing impaired.
Feature films.
Comedy films.
Comedy films.
Feature films.
Video recordings for the hearing impaired.
LDR 04963cgm a22009014a 4500
001362970
003LARL_NWRL_CONSORTIUM
00520210326133734.0
008000127s1999 cau093 g vleng d
007vd cvaizk
040 . ‡aHBL ‡beng ‡cHBL ‡dJED ‡dRCS ‡dBTCTA ‡dOCLCQ ‡dLCS ‡dOCLCA ‡dOCLCQ ‡dOCLCF ‡dOCLCO ‡dOCL ‡dOCLCO ‡dMJ8 ‡dOCLCQ ‡dOCLCO ‡dMDK ‡dDRB ‡dRLS ‡dSEM ‡dCNB ‡dIJC ‡dT7R ‡dOCLCO ‡dTXLWP ‡dWYZ ‡dPFLCL ‡dOCLCQ ‡dOCLCO ‡dJRA ‡dOCLCQ ‡dT3D ‡dOCLCQ ‡dAZU ‡dW8A ‡dOCLCO ‡dBYV ‡dOCLCO ‡dOCLCQ ‡dOCLCO ‡dKB8 ‡dUNITY ‡dZGR
019 . ‡a42778797 ‡a86080410 ‡a650141526 ‡a731350829 ‡a971961738 ‡a980506804 ‡a985289079 ‡a988967924 ‡a993411022 ‡a995466709 ‡a1002667853 ‡a1005502277 ‡a1009115985 ‡a1013495604 ‡a1017940729 ‡a1022728274 ‡a1022883108 ‡a1027970413 ‡a1029832349 ‡a1040643621 ‡a1201928007
020 . ‡a0767836243
020 . ‡a9780767836241
020 . ‡a1404919597
020 . ‡a9781404919594
02410. ‡a043396039223
0241 . ‡a043396135499
02410. ‡a4339603922
02842. ‡a03922 ‡bColumbia Tristar Home Video
035 . ‡a(OCoLC)43359324 ‡z(OCoLC)42778797 ‡z(OCoLC)86080410 ‡z(OCoLC)650141526 ‡z(OCoLC)731350829 ‡z(OCoLC)971961738 ‡z(OCoLC)980506804 ‡z(OCoLC)985289079 ‡z(OCoLC)988967924 ‡z(OCoLC)993411022 ‡z(OCoLC)995466709 ‡z(OCoLC)1002667853 ‡z(OCoLC)1005502277 ‡z(OCoLC)1009115985 ‡z(OCoLC)1013495604 ‡z(OCoLC)1017940729 ‡z(OCoLC)1022728274 ‡z(OCoLC)1022883108 ‡z(OCoLC)1027970413 ‡z(OCoLC)1029832349 ‡z(OCoLC)1040643621 ‡z(OCoLC)1201928007
08204. ‡a791.43/72 ‡222
24500. ‡aBig daddy / ‡cColumbia Pictures presents an Out of the Blue/Jack Giarraputo production ; a film by Dennis Dugan ; screenplay by Steve Franks and Tim Herlihy & Adam Sandler ; produced by Sid Ganis, Jack Giarraputo ; directed by Dennis Dugan.
264 1. ‡aCulver City, California : ‡bColumbia Tristar Home Video, ‡c[1999]
300 . ‡a1 videodisc (approximately 93 min.) : ‡bsound, color ; ‡c4 3/4 in.
336 . ‡atwo-dimensional moving image ‡btdi ‡2rdacontent
337 . ‡avideo ‡bv ‡2rdamedia
338 . ‡avideodisc ‡bvd ‡2rdacarrier
538 . ‡aDVD, region 1, NTSC, double sided, widescreen and full screen versions; Dolby Digital 5.1, Dolby 2.0 surround.
546 . ‡aClosed-captioned for the hearing impaired.
5111 . ‡aAdam Sandler, Joey Lauren Adams, Jon Stewart, Rob Schneider, Cole Sprouse, Dylan Sprouse, Leslie Mann.
508 . ‡aMusic, Teddy Castelucci ; director of photography, Theo van de Sande.
500 . ‡aOriginally produced as a motion picture in 1999.
500 . ‡aWidescreen 1.85:1 ; full screen 1.33:1.
5218 . ‡aMPAA rating: PG-13.
520 . ‡aThirty-two-year-old Sonny Koufax has spent his whole life avoiding responsibility. But when his girlfriend dumps him for an older man, he's got to find a way to prove he's ready to grow up. In a desperate last-ditch effort, Sonny adopts five-year-old Julian to impress her. She's not impressed and he can't return the kid.
5050 . ‡aSide A. Widescreen version -- side B. Full screen version.
500 . ‡aSpecial features: HBO First Look: Making of Big daddy; Sheryl Crow music video; Garbage music video; talent files; original theatrical trailers.
650 0. ‡aMan-woman relationships ‡vDrama. ‡0(LARL_NWRL_CONSORTIUM)166008
650 0. ‡aFoster parents ‡vDrama.
650 0. ‡aAdoption ‡vDrama.
650 1. ‡aAdoption ‡vDrama.
650 7. ‡aAdoption. ‡2fast ‡0(LARL_NWRL_CONSORTIUM)12812
650 7. ‡aFoster parents. ‡2fast ‡0(LARL_NWRL_CONSORTIUM)20664
650 7. ‡aMan-woman relationships. ‡2fast ‡0(LARL_NWRL_CONSORTIUM)38460
653 . ‡aComedy
655 0. ‡aDVD-Video discs.
655 7. ‡aComedy films. ‡2fast ‡0(LARL_NWRL_CONSORTIUM)175650
655 7. ‡aDrama. ‡2fast
655 7. ‡aFeature films. ‡2fast ‡0(LARL_NWRL_CONSORTIUM)175625
655 7. ‡aVideo recordings for the hearing impaired. ‡2fast ‡0(LARL_NWRL_CONSORTIUM)175744
655 7. ‡aFeature films. ‡2gsafd ‡0(LARL_NWRL_CONSORTIUM)175625
655 7. ‡aComedy films. ‡2gsafd ‡0(LARL_NWRL_CONSORTIUM)175650
655 7. ‡aComedy films. ‡2lcgft ‡0(LARL_NWRL_CONSORTIUM)175650
655 7. ‡aFeature films. ‡2lcgft ‡0(LARL_NWRL_CONSORTIUM)175625
655 7. ‡aVideo recordings for the hearing impaired. ‡2lcgft ‡0(LARL_NWRL_CONSORTIUM)175744
7001 . ‡aDugan, Dennis, ‡efilm director. ‡0(LARL_NWRL_CONSORTIUM)125592
7001 . ‡aGanis, Sid, ‡efilm producer. ‡0(LARL_NWRL_CONSORTIUM)211130
7001 . ‡aGiarraputo, Jack, ‡efilm producer. ‡0(LARL_NWRL_CONSORTIUM)147363
7001 . ‡aFranks, Steve, ‡escreenwriter. ‡0(LARL_NWRL_CONSORTIUM)211129
7001 . ‡aHerlihy, Tim, ‡escreenwriter. ‡0(LARL_NWRL_CONSORTIUM)146944
7001 . ‡aSandler, Adam, ‡eactor, ‡escreenwriter. ‡0(LARL_NWRL_CONSORTIUM)140851
7001 . ‡aAdams, Joey Lauren, ‡eactor. ‡0(LARL_NWRL_CONSORTIUM)219296
7001 . ‡aStewart, Jon, ‡d1962- ‡eactor. ‡0(LARL_NWRL_CONSORTIUM)144239
7001 . ‡aSchneider, Rob, ‡d1963- ‡eactor.
7001 . ‡aSprouse, Cole, ‡d1992- ‡eactor. ‡0(LARL_NWRL_CONSORTIUM)156354
7001 . ‡aSprouse, Dylan, ‡d1992- ‡eactor. ‡0(LARL_NWRL_CONSORTIUM)156355
7001 . ‡aMann, Leslie, ‡d1972- ‡eactor. ‡0(LARL_NWRL_CONSORTIUM)147948
7102 . ‡aColumbia Pictures, ‡epresenter. ‡0(LARL_NWRL_CONSORTIUM)7037
7102 . ‡aOut of the Blue Entertainment (Firm), ‡efilm production company. ‡0(LARL_NWRL_CONSORTIUM)149474
7102 . ‡aColumbia TriStar Home Video (Firm), ‡epublisher. ‡0(LARL_NWRL_CONSORTIUM)139356
901 . ‡a362970 ‡b ‡c362970 ‡tbiblio

Additional Resources